000
00301nam a22001337a 4500
008
170629b xxu||||| |||| 00| 0 eng d
020
_a
0155076833
041
_a
eng
080
_2
4TH
_a
94
100
_a
16
101
_a
SHH
245
_a
CLASSICS OF WESTERN THOUGHT
_c
THOMPSON,K.F
942
_2
udc
_c
BK
999
_c
19588
_d
19588